000 00495nam a2200145Ia 4500
008 230917s9999||||xx |||||||||||||| ||und||
040 _e64264
_aMAIN
041 _aEnglish
082 _a515.35 A88I
100 _aInternational Conference on Different Equations
245 0 _aProceedings of an International Conference on Differential Equations held at the University of Southern California, Sept 3-7, 1974
260 _aNew York
_bAcademic Press
_c1975
300 _axix, 834 p.
942 _cBK
999 _c190819
_d190819